Dog Breeds Quiz Stats

 Plays Quiz Updated Aug 17, 2018

Score 0/36 Timer 10:00
23 Plays Today
% Correct
Dalmatian
92.1%
Bulldog
89.8%
Poodle
88.7%
Pug
88%
Boxer
80%
Beagle
79.9%
Siberian Husky
79.9%
Golden Retriever
77.3%
Greyhound
72%
Great Dane
69.7%
Chihuahua
69.5%
German Shepherd
67.9%
Border Collie
66.8%
Doberman Pinscher
66.7%
Saint Bernard
61.6%
Chow Chow
59.1%
Rottweiler
58.7%
Bloodhound
56.7%
% Correct
Dachshund
56.4%
Labrador Retriever
56.2%
Pembroke Welsh Corgi
56.2%
Old English Sheepdog
54.7%
Shih Tzu
54.6%
Pomeranian
54.3%
Akita
43.2%
Irish Setter
39.1%
Pointer
39%
Maltese
36.8%
Pekingese
33.1%
Bernese Mountain Dog
31.4%
Papillon
27.3%
Samoyed
25.8%
American Eskimo
22.9%
Wire Fox Terrier
22.9%
Lhasa Apso
21.4%
Australian Terrier
10.5%

You're not logged in!

Compare scores with friends on all Sporcle quizzes.
OR
Log In

Sporcle TV

Today on Sporcle TV


Watch our educational content, quiz creation guides, and fun videos on Sporcle TV.

Show Comments

Extras

Top Quizzes Today


Score Distribution

Your Account Isn't Verified!

In order to create a playlist on Sporcle, you need to verify the email address you used during registration. Go to your Sporcle Settings to finish the process.

Report this User

Report this user for behavior that violates our Community Guidelines.

Details: